| 000 | 00809nam a2200217Ia 4500 | ||
|---|---|---|---|
| 003 | Ost | ||
| 005 | 20260507075117.0 | ||
| 008 | 260507s9999||||xx |||||||||||||| ||und|| | ||
| 040 | _cfsecg | ||
| 041 | _aara | ||
| 082 | _a331.7 | ||
| 100 |
_aإبراهيم، نعمة الله نجيب _eمؤلف |
||
| 245 | 0 |
_aنظرية إقتصاد العمل / _c نعمة الله نجيب إبراهيم |
|
| 260 |
_aالإسكندرية: _bمؤسسة شباب الجامعة, _c2002 |
||
| 300 |
_a283 صفحة؛ _bإيضاحات ؛ _c24 سم |
||
| 520 | _aسوق العمل- نظرية المساومة الجماعية- المستوى العام للتوظيف والأجور والأسعار | ||
| 653 | _aإقتصاد | ||
| 653 | _aإقتصاديات العمل | ||
| 653 | _aالعمل | ||
| 942 | _cكتاب | ||
| 999 |
_c43034 _d43034 |
||